Slovenský jazyk pre 9. ročník základnej deväťročnej školy

Bibliographic Details
Main Authors: Jóna, Eugen, 1909-2004 (Author), Tarcalová, Želmíra, 1910-2005 (Author), Nándory, Emil, 1914-1986 (Author)
Format: Book
Language:Slovak
PhysicalDescription:157, [3] s. ilustr. 8°
Published: Bratislava Slovenské pedagogické nakladateľstvo 1970
Edition:5. vyd.
Subjects:

MARC

LEADER 00000cam a2200000 a 4500
001 vtls008331216
003 SK-MaSNL
005 20260301075052.0
008 230501s1970 xo a c np 000 0 slo
015 |a SNBA1971/02-00506 
020 |q (viaz.) 
035 |a SK01SNK19710023433 
035 |a 2FE7856B-A30C-4B3C-89CC-8C1DE41C1E4A 
035 |a urn:nbn:sk:snk-am00iczu 
035 |a SKM000025896 
040 |a SNK  |b slo  |c SNK  |e AACR2 
041 0 |a slo 
044 |a xo  |c SK 
080 |a 372.880.854(075.2)  |2 1981 
100 1 |a Jóna, Eugen,  |d 1909-2004  |4 aut  |9 101165 
245 1 0 |a Slovenský jazyk pre 9. ročník základnej deväťročnej školy  |c Eugen Jóna, Želmíra Tarcalová, Emil Nándory 
250 |a 5. vyd. 
260 |a Bratislava  |b Slovenské pedagogické nakladateľstvo  |c 1970  |e Bratislava  |f Polygrafické závody 
300 |a 157, [3] s.  |b ilustr.  |c 8° 
366 |e 30000 výtl. 
500 |a Bibliografické odkazy 
650 0 7 |a slovenčina  |2 SNKPH  |9 1350 
655 7 |a učebnice základných škôl  |2 SNKPH  |9 70187 
700 1 |a Tarcalová, Želmíra,  |d 1910-2005  |4 aut  |9 195125 
700 1 |a Nándory, Emil,  |d 1914-1986  |4 aut  |9 212807 
852 |a Slovenská národná knižnica 
954 |a odborná, vedecká literatúra pôvodná (slovenská)  |2 lita 
958 |a OND 
958 |a RK 
958 |a UX 
958 |a NB 
958 |a EUIPO 
999 |c 649049  |d 650979 
952 |a SNK  |b SNK  |y PREZ  |7 0  |p 17A0938393  |o snkSC 27126  |i snkKSP 2307/71  |0 0  |1 0  |4 0  |d 2012-09-07  |f 1  |l 0  |r 2025-09-11 00:00:00  |w 2026-02-23 
952 |a SNK  |b SNK  |y VYP  |7 0  |p 17A0473494  |o snkSC 27126 D1  |i snkKSP 2308/71  |3 rekatalogizácia  |0 0  |1 0  |4 0  |d 2005-06-10  |l 0  |r 2026-02-23 18:17:18  |w 2026-02-23